Engineering Mathematics : (Record no. 362866)
[ view plain ]
| 000 -LEADER | |
|---|---|
| fixed length control field | 00353nam a2200109Ia 4500 |
| 008 - FIXED-LENGTH DATA ELEMENTS--GENERAL INFORMATION | |
| fixed length control field | 191209s9999 xx 000 0 und d |
| 020 ## - INTERNATIONAL STANDARD BOOK NUMBER | |
| International Standard Book Number | 9718614303 |
| 100 ## - MAIN ENTRY--PERSONAL NAME | |
| Personal name | Gillesania, DIT |
| 245 ## - TITLE STATEMENT | |
| Statement of responsibility, etc | DIT Gillesania .-- |
| Title | Engineering Mathematics : |
| Remainder of title | Volume 2 |
| 260 ## - PUBLICATION, DISTRIBUTION, ETC. (IMPRINT) | |
| Place of publication, distribution, etc | Tacloban: |
| Name of publisher, distributor, etc | Gillesania Engineering Review and Training Center |
| Date of publication, distribution, etc | 2004 |
| 300 ## - PHYSICAL DESCRIPTION | |
| Extent | 427 pages : |
| Withdrawn status | Lost status | Source of classification or shelving scheme | Damaged status | Home library | Current library | Shelving location | Date acquired | Source of acquisition | Total Checkouts | Full call number | Barcode | Date last seen | Price effective from | Koha item type |
|---|---|---|---|---|---|---|---|---|---|---|---|---|---|---|
| Library of Congress Classification | Southville International School Affiliated with Foreign Universities Library | Southville International School Affiliated with Foreign Universities Library | Southville Foreign University Section | 12/09/2019 | Donation | TA 330 G477 2004 | SFU0474 | 12/09/2019 | 12/09/2019 | Books |